| 000 | 00714cam a22002178a 4500 | ||
|---|---|---|---|
| 008 | |||
| 020 | _a075065922X (pbk.) | ||
| 049 | _aMAIN | ||
| 050 | 0 | 0 | _aT55 MOL |
| 100 | 1 | _aMol, Tania. | |
| 245 | 1 | 0 |
_aProductive safety management : _ba strategic, multidisciplinary management system for hazardous industries that ties safety and production together / _cTania Mol. |
| 260 |
_aBoston, MA : _bButterworth-Heinemann, _c2003. |
||
| 650 | 0 |
_aIndustrial safety _xManagement. |
|
| 650 | 0 |
_aIndustrial safety _xPlanning. |
|
| 650 | 0 | _aRisk management. | |
| 907 |
_a.b10207661 _b21-07-06 _c18-07-06 |
||
| 003 | |||
| 005 | 20230123134228.0 | ||
| 040 | _cNUST | ||
| 942 | _cBOOKS | ||
| 999 |
_c162249 _d162249 |
||